Entry Nombre personal
001 - NÚMERO DE CONTROL
- campo de control: 55440
003 - IDENTIFICADOR DEL NÚMERO DE CONTROL
- campo de control: BNPHU
005 - FECHA Y HORA DE LA ÚLTIMA TRANSACCIÓN
- campo de control: 20240228185352.0
008 - DATOS DE LONGITUD FIJA
- campo de control de longitud fija: 200615|| aca||aabn | a|a d
010 ## - NÚMERO DE CONTROL DE LA BIBLIOTECA DEL CONGRESO
- Número de control de LC: n 82232571
040 ## - FUENTE DE LA CATALOGACIÓN
- Centro catalogador/agencia de origen: DO-SdBNP
- Lengua de catalogación: spa
- Centro/agencia transcriptor: BNPHU
- Normas de descripción: rda
100 1# - ENCABEZAMIENTO-NOMBRE DE PERSONA
- Nombre de persona: Avelino , Francisco Antonio,
- Fechas asociadas al nombre: 1935-
370 ## - LUGAR ASOCIADO
- Lugar de nacimiento: Santo Domingo (República Dominicana)
374 ## - OCUPACIÓN
- Ocupación: Abogado
375 ## - GÉNERO/SEXO
- Género/Sexo: Masculino
377 ## - LENGUA/LENGUAJE ASOCIADO
- Código del idioma: spa
400 1# - TRAZADO DE VÉASE--NOMBRE DE PERSONA
- Nombre de persona: Avelino García Ramón, Francisco Antonio,
- Fechas asociadas al nombre: 1935-
400 1# - TRAZADO DE VÉASE--NOMBRE DE PERSONA
- Nombre de persona: García Ramón, Francisco Antonio Avelino, |
- Fechas asociadas al nombre: 1935-
400 1# - TRAZADO DE VÉASE--NOMBRE DE PERSONA
- Nombre de persona: Ramón, Francisco Antonio Avelino García,
- Fechas asociadas al nombre: 1935-
670 ## - FUENTE DE DATOS ENCONTRADOS
- Cita de la fuente: Seminario internacional "El exilio republicano español en la sociedad dominicana" (2010, mar 4-5: Santo Domingo, República Dominicana) 55434, El exilio republicano español en la sociedad dominicana /, 2010.
670 ## - FUENTE DE DATOS ENCONTRADOS
- Cita de la fuente: Avelino, Francisco Antonio. Brevisima seleccion sobre las ideas politicas en los escritos de Francisco Antonio Avelino, Santo Domingo : Archivo General de la Nación 2017
670 ## - FUENTE DE DATOS ENCONTRADOS
- Identificador Uniforme del Recurso: https://authorities.loc.gov/cgi-bin/Pwebrecon.cgi?AuthRecID=1948473&v1=1&HC=1&SEQ=20240228185042&PID=AjkB3JuaBVyDlhM448BLCa55oyeSp
